000 00753nam a2200241 i 4500
001 103587
003 ES-MaACL
005 20230906183413.0
007 t|
008 060418s1984 sp ||||1| spa d
020 _a84-01-33251-6
080 _a32(460)"1975/82"
100 1 _aSarasqueta, Antxon.
_9103773
245 1 0 _aDe Franco a Felipe
_b: (España 1975-1985) /
_cAntxon Sarasqueta.
250 _a1ª ed.
260 _aEsplugues Llobregat (Barcelona) :
_bPlaza & Janés,
_c1984.
300 _a271 p. ;
_c22 cm.
490 1 _aEpoca. Política española
651 4 _aEspaña-
_xPolítica y gobierno-
_y1975-1982.
_98447
830 0 _aEpoca. Política española
_9179911
852 _aES-MaACL
_jC-56904
_bR.130844
999 _c103587
_d103587